Największe więzienia w polsce - Statystyki

Ogólne statystyki
  • Ten quiz został rozwiązany 52 razy
  • Średni wynik to 4 z 10
Statystyki odpowiedzi
Liczba miejsc Zakład karny % Poprawnych
1773 Warszawa - Białołęka
98%
1549 Wrocław nr. 1
73%
1486 Wronki
61%
1245 Rzeszów Załęże
46%
1434 Czarne
22%
1272 Iława
17%
1201 Włocławek
17%
1162 Nowogard i Płoty
10%
1145 Potulice
10%
1307 Kamieńsk
5%
Nie znaleziono quizów pasujących do podanych kryteriów
Rozkład punktacji
Procent ludzi z każdym wynikiem
Percentyl według liczby udzielonych odpowiedzi
Twoja historia wyników
Nie rozwiązałeś tego quizu